1662 1492 1088 1785 1370 1317 1595 1028 1527 1975 1681 1926 1554 1295 1076 1872 1487 1189 1573 1745 1352 1571 1147 1009 1628 1250 1451 1891 1413 1847 1987 1227 1082 1048 1390 1599 1857 1690 1769 1678 1685 1705 1103 1140 1782 1004 1706 1241 1649 1443 1084 1782 1212 1944 1171 1377 1549 1991 1677 1168 1119 1227 1405 1613 1759 1092 1097 1784 1345 1290 1349 1371 1749 1551 1494 1885 1892 1438 1580 1350 1106 1182 1316 1514 1695 1177 1471 1943 1911 1646 1212 1017 1641 1401 1506 1561 1193 1817 1710 BCNSPRNW ULIB Ver.6.0+V

เปลี่ยนเป็นภาษาไทย

Change to English
 แสดงรายละเอียดบรรณานุกรม
  กลับหน้าหลัก

Brief Record : Get Marc (ISO 2709) : E-mail record : QR code < ปิดหน้าต่าง
LEADER : 00000nam 2200000uu 4500
001    13399128830
003     ULIB
008    241009s2566||||th 000 0 tha d
020    ^a9786164821132
060 04 ^aWA590^bอ864ก
100 0  ^aอุษา บิ้กกิ้นส์
245 10 ^aการสื่อสารเพื่อความรอบรู้ด้านสุขภาพชุมชน /^cอุษา บิ้กกิ้นส์
250    ^aพิมพ์ครั้งที่ 1
260    ^aกรุงเทพฯ :^bสำนักพิมพ์สถาบันบัณฑิตพัฒนบริหารศาสตร์,^c2566
300    ^a211 หน้า :^bภาพประกอบ ;^c26 ซม.
650  4 ^aการสื่อสารทางการแพทย์
650  4 ^aการส่งเสริมสุขภาพ
945    ^p500^l0^i011037
945    ^p500^l0^i011038
945    ^p500^l0^i011039
945    ^p500^l0^i011040
999    ^aประนอม เกษจรัล
รายการนี้ยังไม่มีแท็ก
คุณยังไม่ได้ล็อกอิน คุณสามารถมีกิจกรรมร่วมกับเว็บไซต์ได้ แต่ต้องล็อกอินก่อน ::
  ล็อกอิน

รายการสื่อสารสนเทศ

ลำดับที่ ประเภท เลขเรียก/บาร์โค้ด สถานที่ สถานะ
1. Book การพยาบาล
หนังสือสำรอง
สถานะ=หนังสือสำรอง
WA590 อ864ก ฉ.1 
  Barcode: 011037
ห้องสมุดวิทยาเขตสวรรค์ประชารักษ์
►หนังสือทั่วไป
บนชั้น
2. Book การพยาบาล
Book การพยาบาล
WA590 อ864ก ฉ.2 
  Barcode: 011038
ห้องสมุดวิทยาเขตสวรรค์ประชารักษ์
►หนังสือทั่วไป
บนชั้น
3. Book การพยาบาล
Book การพยาบาล
WA590 อ864ก ฉ.3 
  Barcode: 011039
ห้องสมุดวิทยาเขตสวรรค์ประชารักษ์
►หนังสือทั่วไป
บนชั้น
4. Book การพยาบาล
Book การพยาบาล
WA590 อ864ก ฉ.4 
  Barcode: 011040
ห้องสมุดวิทยาเขตสวรรค์ประชารักษ์
►หนังสือทั่วไป
บนชั้น

รายการใกล้เคียง
    หัวเรื่อง [การสื่อสารทางการแพทย์]
    หัวเรื่อง [การส่งเสริมสุขภาพ]

BibComment


ยังไม่เคยถูกคอมเมนท์

คอมเมนท์ทรัพยากรรายการนี้
  คอมเมนท์: การสื่อสารเพื่อค..


 Copyright 2026. Bcnsprnw @Library